000 01398cam a2200337 a 4500
999 _c126644
_d126644
001 1634279
003 ARRUPE
005 20170811114931.0
008 960415s1996 ilu b 001 0 eng
010 _a 96017324
020 _a0226526364 (cloth : alk. paper)
020 _a0226526372 (pbk. : alk. paper)
040 _aDLC
_cDLC
_dDLC
050 0 0 _aBJ1441
_b.M55 1996
082 0 0 _a170
_220
100 1 _aMiller, Richard Brian,
_d1953-
_934745
245 1 0 _aCasuistry and modern ethics :
_ba poetics of practical reasoning /
_cRichard B. Miller.
260 _aChicago :
_bUniversity of Chicago Press,
_c1996.
300 _axiii, 308 p. ;
_c24 cm.
504 _aIncludes bibliographical references (p. 295-302) and index.
650 0 _aCasuistry.
_934746
650 0 _aEthical problems.
_934747
650 0 _aPractical reason.
_912118
650 0 _aEthics, Modern
_y20th century.
_934748
856 4 2 _3Publisher description
_uhttp://www.loc.gov/catdir/description/uchi051/96017324.html
856 4 1 _3Table of contents
_uhttp://www.loc.gov/catdir/toc/uchi051/96017324.html
906 _a7
_bcbc
_corignew
_d1
_eocip
_f19
_gy-gencatlg
942 _2lcc
_cMONOGRAPH